000 00516nam a2200217Ia 4500
003 OSt
005 20220924143726.0
006 a|||||r|||| 00| 0
007 ta
008 220923b |||||||| |||| 00| 0 urd d
024 _a309885
037 _cTextual
040 _aARTS
_cARTS
_burd
041 _2urd
_aurd
082 _aO168a494:g, N1
245 0 _aMeyar wa tehqeeq
260 _c1991
650 _aURDU LITERATURE
942 _hO168a494:g, N1
_cTEXL
_2CC
999 _c455537
_d455537